Costos de utilización de la maquinaria agrícola; su determinación gráfica /
Guardado en:
| Autor Principal: | |
|---|---|
| Formato: | Libro |
| Publicado: |
Buenos Aires :
Eudeba,
1968
|
| Materias: | |
| Etiquetas: |
Agregar Etiqueta
Sin Etiquetas, Sea el primero en etiquetar este registro!
|
| LEADER | 00514nam a22001575a 4500 | ||
|---|---|---|---|
| 001 | CEM.cems016101 | ||
| 005 | 20100217143609.0 | ||
| 008 | 130507s1968##################000#0#####d | ||
| 003 | CEMS | ||
| 082 | 0 | 4 | |a 631.3 |
| 100 | 1 | |a Riccitelli, José Antonio | |
| 245 | 1 | 0 | |a Costos de utilización de la maquinaria agrícola; su determinación gráfica / |c José Antonio Riccitelli, |
| 260 | |a Buenos Aires : |b Eudeba, |c 1968 | ||
| 300 | |a 39 p. | ||
| 653 | |a Agronomía | ||
| 859 | |a CEMS |b BIB. CEMS - Agricultura |h 631.3 |i R359-2 |p A11504.82 |t Ej.1 | ||
